Dear Colleagues köszöntő /

Elmentve itt :
Bibliográfiai részletek
Szerzők: Tóth Edit
Csapó Benő
Testületi szerző: Pedagógiai Értékelési Konferencia (10.) (2012) (Szeged)
Dokumentumtípus: Könyv része
Megjelent: 2012
Sorozat:Pedagógiai Értékelési Konferencia 10
Kulcsszavak:Pedagógia - konferencia - előszó
Online Access:http://acta.bibl.u-szeged.hu/60778
LEADER 00679naa a2200193 i 4500
001 acta60778
005 20260224081030.0
008 190828s2012 hu o 100 eng d
040 |a SZTE Egyetemi Kiadványok Repozitórium  |b hun 
041 |a eng 
100 1 |a Tóth Edit 
245 1 0 |a Dear Colleagues   |h [elektronikus dokumentum] :  |b köszöntő /  |c  Tóth Edit 
260 |c 2012 
300 |a 6 
490 0 |a Pedagógiai Értékelési Konferencia  |v 10 
695 |a Pedagógia - konferencia - előszó 
700 0 1 |a Csapó Benő  |e aut 
710 |a Pedagógiai Értékelési Konferencia (10.) (2012) (Szeged) 
856 4 0 |u http://acta.bibl.u-szeged.hu/60778/1/pek_2012_006.pdf  |z Dokumentum-elérés